<?xml version="1.0" encoding="UTF-8"?>
<record
    xmlns:xsi="http://www.w3.org/2001/XMLSchema-instance"
    xsi:schemaLocation="http://www.loc.gov/MARC21/slim http://www.loc.gov/standards/marcxml/schema/MARC21slim.xsd"
    xmlns="http://www.loc.gov/MARC21/slim">

  <leader>00389nam a22001457a 4500</leader>
  <datafield tag="999" ind1=" " ind2=" ">
    <subfield code="c">3464</subfield>
    <subfield code="d">3464</subfield>
  </datafield>
  <controlfield tag="008">200616b           ||||| |||| 00| 0 eng d</controlfield>
  <datafield tag="082" ind1="0" ind2="0">
    <subfield code="a">428</subfield>
    <subfield code="b">S5341</subfield>
  </datafield>
  <datafield tag="100" ind1=" " ind2=" ">
    <subfield code="9">2852</subfield>
    <subfield code="a">Shaw, Katy</subfield>
  </datafield>
  <datafield tag="245" ind1="1" ind2="0">
    <subfield code="a">Collins COBUILD English grammar exercises /</subfield>
  </datafield>
  <datafield tag="250" ind1=" " ind2=" ">
    <subfield code="a">1st ed.</subfield>
  </datafield>
  <datafield tag="260" ind1=" " ind2=" ">
    <subfield code="a">New York:</subfield>
    <subfield code="b">Harper Collins,</subfield>
    <subfield code="c">1992.</subfield>
  </datafield>
  <datafield tag="300" ind1=" " ind2=" ">
    <subfield code="a">108 p.</subfield>
  </datafield>
  <datafield tag="650" ind1=" " ind2="0">
    <subfield code="a">English Language</subfield>
  </datafield>
  <datafield tag="942" ind1=" " ind2=" ">
    <subfield code="c">BK</subfield>
  </datafield>
  <datafield tag="952" ind1=" " ind2=" ">
    <subfield code="0">0</subfield>
    <subfield code="1">0</subfield>
    <subfield code="2">ddc</subfield>
    <subfield code="4">0</subfield>
    <subfield code="6">428_000000000000000_S5341</subfield>
    <subfield code="7">0</subfield>
    <subfield code="9">9391</subfield>
    <subfield code="a">CL</subfield>
    <subfield code="b">CL</subfield>
    <subfield code="d">1998-01-23</subfield>
    <subfield code="e">Shankars Book Agency</subfield>
    <subfield code="o">428 S5341</subfield>
    <subfield code="p">08814</subfield>
    <subfield code="r">2025-03-22</subfield>
    <subfield code="v">60.00</subfield>
    <subfield code="y">BK</subfield>
  </datafield>
  <datafield tag="952" ind1=" " ind2=" ">
    <subfield code="0">0</subfield>
    <subfield code="1">0</subfield>
    <subfield code="2">ddc</subfield>
    <subfield code="4">0</subfield>
    <subfield code="6">428_000000000000000_S5341</subfield>
    <subfield code="7">0</subfield>
    <subfield code="9">9392</subfield>
    <subfield code="a">CL</subfield>
    <subfield code="b">CL</subfield>
    <subfield code="d">1998-01-23</subfield>
    <subfield code="e">Shankars Book Agency</subfield>
    <subfield code="o">428 S5341</subfield>
    <subfield code="p">08815</subfield>
    <subfield code="r">2020-06-16</subfield>
    <subfield code="v">60.00</subfield>
    <subfield code="y">BK</subfield>
  </datafield>
  <datafield tag="952" ind1=" " ind2=" ">
    <subfield code="0">0</subfield>
    <subfield code="1">0</subfield>
    <subfield code="2">ddc</subfield>
    <subfield code="4">0</subfield>
    <subfield code="6">428_000000000000000_S5341</subfield>
    <subfield code="7">0</subfield>
    <subfield code="9">9393</subfield>
    <subfield code="a">CL</subfield>
    <subfield code="b">CL</subfield>
    <subfield code="d">1998-01-23</subfield>
    <subfield code="e">Shankars Book Agency</subfield>
    <subfield code="o">428 S5341</subfield>
    <subfield code="p">08816</subfield>
    <subfield code="r">2025-03-22</subfield>
    <subfield code="v">60.00</subfield>
    <subfield code="y">BK</subfield>
  </datafield>
  <datafield tag="952" ind1=" " ind2=" ">
    <subfield code="0">0</subfield>
    <subfield code="1">0</subfield>
    <subfield code="2">ddc</subfield>
    <subfield code="4">0</subfield>
    <subfield code="6">428_000000000000000_S5341</subfield>
    <subfield code="7">0</subfield>
    <subfield code="9">9394</subfield>
    <subfield code="a">CL</subfield>
    <subfield code="b">CL</subfield>
    <subfield code="d">1998-01-23</subfield>
    <subfield code="e">Shankars Book Agency</subfield>
    <subfield code="o">428 S5341</subfield>
    <subfield code="p">08817</subfield>
    <subfield code="r">2025-03-22</subfield>
    <subfield code="v">60.00</subfield>
    <subfield code="y">BK</subfield>
  </datafield>
  <datafield tag="952" ind1=" " ind2=" ">
    <subfield code="0">0</subfield>
    <subfield code="1">0</subfield>
    <subfield code="2">ddc</subfield>
    <subfield code="4">0</subfield>
    <subfield code="6">428_000000000000000_S5341</subfield>
    <subfield code="7">0</subfield>
    <subfield code="9">9395</subfield>
    <subfield code="a">CL</subfield>
    <subfield code="b">CL</subfield>
    <subfield code="d">1998-01-23</subfield>
    <subfield code="e">Shankars Book Agency</subfield>
    <subfield code="o">428 S5341</subfield>
    <subfield code="p">08818</subfield>
    <subfield code="r">2020-06-16</subfield>
    <subfield code="v">60.00</subfield>
    <subfield code="y">BK</subfield>
  </datafield>
  <datafield tag="952" ind1=" " ind2=" ">
    <subfield code="0">0</subfield>
    <subfield code="1">0</subfield>
    <subfield code="2">ddc</subfield>
    <subfield code="4">0</subfield>
    <subfield code="6">428_000000000000000_S5341</subfield>
    <subfield code="7">0</subfield>
    <subfield code="9">9396</subfield>
    <subfield code="a">CL</subfield>
    <subfield code="b">CL</subfield>
    <subfield code="d">1998-01-23</subfield>
    <subfield code="e">Shankars Book Agency</subfield>
    <subfield code="o">428 S5341</subfield>
    <subfield code="p">08819</subfield>
    <subfield code="r">2020-06-16</subfield>
    <subfield code="v">60.00</subfield>
    <subfield code="y">BK</subfield>
  </datafield>
  <datafield tag="952" ind1=" " ind2=" ">
    <subfield code="0">0</subfield>
    <subfield code="1">0</subfield>
    <subfield code="2">ddc</subfield>
    <subfield code="4">0</subfield>
    <subfield code="6">428_000000000000000_S5341</subfield>
    <subfield code="7">0</subfield>
    <subfield code="9">9397</subfield>
    <subfield code="a">CL</subfield>
    <subfield code="b">CL</subfield>
    <subfield code="d">1998-01-23</subfield>
    <subfield code="e">Shankars Book Agency</subfield>
    <subfield code="l">1</subfield>
    <subfield code="o">428 S5341</subfield>
    <subfield code="p">08820</subfield>
    <subfield code="r">2025-03-24</subfield>
    <subfield code="s">2025-03-24</subfield>
    <subfield code="v">60.00</subfield>
    <subfield code="y">BK</subfield>
  </datafield>
  <datafield tag="952" ind1=" " ind2=" ">
    <subfield code="0">0</subfield>
    <subfield code="1">0</subfield>
    <subfield code="2">ddc</subfield>
    <subfield code="4">0</subfield>
    <subfield code="6">428_000000000000000_S5341</subfield>
    <subfield code="7">0</subfield>
    <subfield code="9">9398</subfield>
    <subfield code="a">CL</subfield>
    <subfield code="b">CL</subfield>
    <subfield code="d">1998-01-23</subfield>
    <subfield code="e">Shankars Book Agency</subfield>
    <subfield code="o">428 S5341</subfield>
    <subfield code="p">08821</subfield>
    <subfield code="r">2025-03-22</subfield>
    <subfield code="v">60.00</subfield>
    <subfield code="y">BK</subfield>
  </datafield>
  <datafield tag="952" ind1=" " ind2=" ">
    <subfield code="0">0</subfield>
    <subfield code="1">0</subfield>
    <subfield code="2">ddc</subfield>
    <subfield code="4">0</subfield>
    <subfield code="6">428_000000000000000_S5341</subfield>
    <subfield code="7">0</subfield>
    <subfield code="9">9399</subfield>
    <subfield code="a">CL</subfield>
    <subfield code="b">CL</subfield>
    <subfield code="d">1998-01-23</subfield>
    <subfield code="e">Shankars Book Agency</subfield>
    <subfield code="o">428 S5341</subfield>
    <subfield code="p">08822</subfield>
    <subfield code="r">2025-03-22</subfield>
    <subfield code="v">60.00</subfield>
    <subfield code="y">BK</subfield>
  </datafield>
  <datafield tag="952" ind1=" " ind2=" ">
    <subfield code="0">0</subfield>
    <subfield code="1">0</subfield>
    <subfield code="2">ddc</subfield>
    <subfield code="4">0</subfield>
    <subfield code="6">428_000000000000000_S5341</subfield>
    <subfield code="7">0</subfield>
    <subfield code="9">9400</subfield>
    <subfield code="a">CL</subfield>
    <subfield code="b">CL</subfield>
    <subfield code="d">1998-01-23</subfield>
    <subfield code="e">Shankars Book Agency</subfield>
    <subfield code="o">428 S5341</subfield>
    <subfield code="p">08823</subfield>
    <subfield code="r">2025-03-22</subfield>
    <subfield code="v">60.00</subfield>
    <subfield code="y">BK</subfield>
  </datafield>
</record>
